| 000 | 00605nam a2200193 a 4500 | ||
|---|---|---|---|
| 005 | 20221116063437.0 | ||
| 008 | 050124s1998 mx r 000 0 spa d | ||
| 020 | _a849213397X | ||
| 035 | _aUPN01000137100 | ||
| 049 | _aCG | ||
| 050 | 4 |
_aHD62.15 _bV5.6 |
|
| 100 | 1 | _aVilar Barrio, José Francisco | |
| 245 | 1 | 4 |
_aLas siete nuevas herramientas para la mejora de la calidad / _cJosé Francisco Vilar Barrio. |
| 260 |
_aMadrid : _bFundación Confemetal, _c1998. |
||
| 300 | _a166 p. | ||
| 650 | 2 |
_aAdministración de calidad total _9437 |
|
| 650 | 4 |
_aPlanificación estratégica _91106 |
|
| 905 | _aLibro | ||
| 999 |
_c109251 _d109251 |
||